| 000 | 00485nam a2200181Ia 4500 | ||
|---|---|---|---|
| 001 | 4296 | ||
| 005 | 20260306145745.0 | ||
| 008 | 260306t2012||||xx |||||||||||||| ||spa|| | ||
| 041 | _aESP | ||
| 082 |
_a320.50983 _bB141 |
||
| 100 |
_aBiblioteca del Congreso Nacional de Chile _eAUT |
||
| 245 | 0 |
_aArturo Alessandri Palma y su época: _bvida, política y sociedad |
|
| 260 | _c2012 | ||
| 300 |
_a274 páginas : _c22 cm. |
||
| 650 | _aGEN | ||
| 654 | _aCDE | ||
| 942 |
_cLIB _dJUS _fJUS _2ddc _n |
||
| 999 |
_c4296 _d4296 |
||